000 00260nam a2200121 i 4500
001 bg
245 0 _aVysokotemperaturnye materialy.
260 _aMoskva,
_c1973.
040 _cBPK
041 _apol
942 _cKS
008 s pl f |000 0 pol
999 _c25814
_d25814
856 _uhttp://koha.tu.koszalin.pl/cgi-bin/koha/opac-detail.pl?biblionumber=25814
_yKatalog online BPK